000 00482nam a2200157 a 4500
001 000044324
005 20201002045308.0
008 140613s2004 dr a 000 0 spa d
040 _aDO-SdBNP
_bspa
_cBNPHU
082 _axxxxxx
_bxxxxx
100 1 _aAleth, Kirsten
_917519
245 1 3 _aLa historia sin fin de la basura /
_cKirsten Aleth.
260 _aSanto Domingo :
_bCEDECO,
_c19?
300 _a28 p. :
_bil. ;
_c27 cm.
700 1 _aCentro Dominicano de Educación Ecológica
_972333
999 _c43813
_d43813